The Only Remaining AFL Team... - Statistics

General Stats
  • This quiz has been taken 91 times
  • The average score is 11 of 18
Answer Stats
The only AFL team. . . % Correct
To have won more than 20 wooden spoons St Kilda Saints
91%
To play in the 2022 Grand Final Geelong Cats
85%
To be the result of a merger of prior AFL clubs Brisbane Lions
84%
To have played an in-season game "for points" in China Port Adelaide Power
82%
To have relocated Sydney Swans
78%
That Barry Hall played for Western Bulldogs
78%
To have lost more than 50% of Grand Finals they have played in Collingwood Magpies
66%
To compete in a game in which the Marcus Ashcroft Medal is awarded Gold Coast Suns
66%
To have 3 main team colours Adelaide Crows
65%
To be coached by Malcolm Blight North Melbourne Kangaroos
53%
To compete in the inaugural VFL season in 1897 Essendon Bombers
51%
To have never had a player win the Coleman Medal Fremantle Dockers
51%
To have an inanimate object as a mascot/nickname Carlton Blues
47%
To be located north-east of the "Barassi Line" GWS Giants
47%
To be coached by Mick Malthouse West Coast Eagles
40%
To be a tenant club of the MCG Hawthorn Hawks
29%
To be currently profiting from poker machine income Richmond Tigers
29%
To have had 3 or more #1 draft picks Melbourne Demons
24%
No matching quizzes found
Score Distribution
Percent of People with Each Score
Percentile by Number Answered
Your Score History
You have not taken this quiz